| 000 | 00634nam a22002057a 4500 | ||
|---|---|---|---|
| 003 | OSt | ||
| 005 | 20260506065822.0 | ||
| 008 | 260506b |||||||| |||| 00| 0 eng d | ||
| 020 | _a9715811493 | ||
| 040 |
_aDWCL Main Lib. _cOC |
||
| 082 | _aProf. 640 W631l 2004 | ||
| 100 | _aWijenayake, Indrasena P. | ||
| 245 |
_aLivelihood made simple : _ba compilation / _cIndrasena P. Wijenayake |
||
| 260 |
_aManila, Philippines : _bPhilippine Publishing House, _cc2004. |
||
| 300 |
_a103 pages : _billustrations ; _c26 cm. |
||
| 504 | _aIncludes index. | ||
| 650 | _a1. Cooking. | ||
| 650 | _a2. Family Living. | ||
| 942 |
_2ddc _cPROF. _n0 |
||
| 999 |
_c10283 _d10283 |
||